header

Cognitive behavioral therapy (Record no. 169792)

MARC details
000 -LEADER
fixed length control field 01347nam a2200349Ia 4500
082 04 - DEWEY DECIMAL CLASSIFICATION NUMBER
Classification number 616.89/1425
245 00 - TITLE STATEMENT
Title Cognitive behavioral therapy
260 ## - PUBLICATION, DISTRIBUTION, ETC. (IMPRINT)
Place of publication Hauppauge, N.Y. :
Name of publisher Nova Science Publishers,
Year of publication c2012.
300 ## - PHYSICAL DESCRIPTION
Number of Pages vi, 185 p.
490 1# - SERIES STATEMENT
Series statement Perspectives on cognitive psychology
500 ## - GENERAL NOTE
General note Includes index.
650 #0 - SUBJECT ADDED ENTRY--TOPICAL TERM
Topical Term Cognitive therapy.
Topical Term Behavior therapy.
700 1# - ADDED ENTRY--PERSONAL NAME
Personal name Lee, Stephen A.
Personal name Edget, Delaney M.
856 40 - ELECTRONIC LOCATION AND ACCESS
Uniform Resource Identifier http://site.ebrary.com/lib/rucke/Doc?id=10661666

No items available.

© 2026 Rongo University
Contact us: librarian | system librarian | Rongo university